Vlastné náklady v priemysle /

Uložené v:
Podrobná bibliografia
Hlavný autor: Sedlák, Mikuláš (Author)
Médium: Kniha
Jazyk:Slovak
Vydané: Bratislava : Práca, 1963.
Vydanie:1. vyd.
Edícia:Knižnica ekonomiky práce zv. 1/63
ISBN: (viaz.)
Fyzický popis: 267 s.
Tagy: Pridať tag
Žiadne tagy, Buďte prvý kto otaguje tento záznam!

MARC

LEADER 00000nam a2200000 a 4500
001 000171882
005 20090905145737.0
008 040101s1963 xo e slo d
020 |a (viaz.) 
040 |a SVKKK  |b slo  |c SVKKK  |e AACR2 
041 0 |a slo 
044 |a xo  |c SK 
100 1 |a Sedlák, Mikuláš  |4 aut 
245 1 0 |a Vlastné náklady v priemysle /  |c Mikuláš Sedlák. 
250 |a 1. vyd. 
260 |a Bratislava :  |b Práca,  |c 1963. 
300 |a 267 s. 
490 1 |a Knižnica ekonomiky práce  |v zv. 1/63 
830 0 |a Knižnica ekonomiky práce  |v zv. 1/63 
910 |a svkkk 
998 |a BK 
090 |g SCKHL  |k Sklad Pribinova 2. posch.  |a II.127781  |j 319581  |i 2720189741  |s Absenčne 
090 |g SCKHL  |k Sklad Pribinova 2. posch.  |a II.150919  |i 171882-20  |s Absenčne